Der Beitrag der Rechtsvergleichung zum deutschen Recht

Elmentve itt :
Bibliográfiai részletek
Szerző: Dölle Hans
Dokumentumtípus: Cikk
Megjelent: 1962
Sorozat:Kolligátum
Kulcsszavak:Jogtudomány - német
Online Access:http://misc.bibl.u-szeged.hu/22698
LEADER 00546nab a2200169 i 4500
001 misc22698
005 20191108150051.0
008 170914s1962 hu o 0|| zxx d
040 |a SZTE Miscellanea Repozitórium  |b hun 
041 |a zxx 
100 1 |a Dölle Hans 
245 1 4 |a Der Beitrag der Rechtsvergleichung zum deutschen Recht  |h [elektronikus dokumentum] /  |c  Dölle Hans 
260 |c 1962 
300 |a 17-47 
490 0 |a Kolligátum 
695 |a Jogtudomány - német 
856 4 0 |u http://misc.bibl.u-szeged.hu/22698/1/16004_017-047.pdf  |z Dokumentum-elérés